[Event "EU-chT (Men) 18th"]
[Site "Porto Carras"]
[Date "2011.11.10"]
[Round "8.1"]
[White "Aronian, Levon"]
[Black "Giri, Anish"]
[Result "1-0"]
[WhiteElo "2802"]
[BlackElo "2714"]
[Annotator "Krasenkow,M"]
[PlyCount "85"]
[EventDate "2011.11.03"]
[EventType "team-swiss"]
[EventRounds "9"]
[EventCountry "GRE"]
[SourceTitle "CBM 146"]
[Source "ChessBase"]
[SourceDate "2012.01.18"]
[SourceVersion "1"]
[SourceVersionDate "2012.01.18"]
[SourceQuality "1"]
[WhiteTeam "Armenia"]
[BlackTeam "Netherlands"]
[WhiteTeamCountry "ARM"]
[BlackTeamCountry "NED"]

1. Nf3 d5 2. d4 Nf6 3. c4 e6 4. Nc3 Be7 5. Bf4 O-O 6. e3 Nbd7 7. c5 Nh5 8. Bd3
Nxf4 9. exf4 b6 10. b4 a5 11. a3 c6 12. O-O Qc7 13. g3 Ba6 {For this line -
see CBM 138, annotations to Nakamura - Nielsen. However, a lot of games have
been played since then.} 14. Bxa6 (14. Re1 Bf6 15. Ne5 (15. h4 Qa7 16. b5 Bb7
17. cxb6 Nxb6 18. Ne5 Rac8 19. f5 exf5 20. Bxf5 Rc7 21. bxc6 {1/2 Fier,A (2571)
-So,W (2673)/Moscow 2011/CBM 141}) 15... Bxd3 16. Qxd3 Bxe5 17. fxe5 Qb7 18.
cxb6 axb4 19. axb4 Nxb6 20. b5 Nc4 21. bxc6 Qxc6 $11 {1/2 Getz,N (2391)-Azarov,
S (2648)/Rogaska Slatina SLO 2011/The Week in Chess 882 (54)}) (14. Rb1 Bxd3
15. Qxd3 axb4 16. axb4 {1/2 Ding,L (2654)-Wang Yue (2709)/Hefei 2011/CBM 143
Extra}) (14. Qc2 Bxd3 15. Qxd3 Bf6 16. Rfc1 axb4 17. axb4 bxc5 18. bxc5 Rfb8
19. Kg2 h6 20. h4 h5 21. Rxa8 Rxa8 22. Rb1 Ra3 23. Nxd5 Rxd3 24. Nxc7 Bxd4 25.
Na6 Bxc5 26. Nxc5 Nxc5 27. Rb8+ Kh7 28. Rc8 Ne4 29. Rxc6 Rc3 $11 {1/2 Gonzalez
Garcia,J (2522)-Ryan,J (2267)/Barbera del Valles 2011/CBM 143 Extra (46)}) (14.
Kg2 Bf6 15. Bxa6 Rxa6 16. Qc2 Rfa8 17. Rab1 axb4 18. axb4 Ra3 19. Rb3 Rxb3 20.
Qxb3 Qb7 21. Rb1 h6 22. h4 h5 23. Ne5 {1/2 Radjabov,T (2744)-Kramnik,V (2790)/
Kazan 2011/CBM 143}) 14... Rxa6 15. Qe2 (15. Qd3 Rfa8 16. Rab1 axb4 17. axb4
Ra3 18. Rfc1 Bf6 19. h4 h6 20. Kg2 bxc5 21. bxc5 Qa5 22. Ne5 Nxe5 23. fxe5 Bd8
24. Rb2 Bc7 25. Qc2 Rb8 26. Rxb8+ Bxb8 27. Qb2 Bc7 28. Rc2 Qa6 29. Rc1 Qa5 30.
Rc2 Qa6 31. Rc1 {1/2 Henrichs,T (2469)-Doettling,F (2585)/Baden Baden GER 2011/
The Week in Chess 863}) 15... Rfa8 $6 {This move is put under doubt in the
present game.} (15... Ra7 16. f5 e5 17. dxe5 bxc5 18. bxc5 Re8 (18... Bxc5 19.
Na4 Re8 20. Nxc5 Nxc5 21. Qe3 d4 $2 (21... Ne4 22. Nd4 $13) 22. Qxd4 Nb3 23.
Qg4 Qc8 (23... Nxa1 24. f6 g6 25. Qg5 $18) 24. Rad1 $18 {1-0 Adhiban,B (2530)
-Kjartansson,G (2379)/Chennai 2011/CBM 140 Extra (29)}) 19. Qc2 $6 (19. e6 $13)
19... Bxc5 20. Na4 Bf8 21. e6 fxe6 22. fxe6 Rxe6 23. Ng5 Rg6 24. h4 Ne5 $17 {
0-1 Fier,A (2583)-Ganguly,S (2631)/Jakarta INA 2011/The Week in Chess 885 (31)}
) (15... Raa8 16. Rfc1 axb4 17. axb4 Bf6 18. Rab1 bxc5 19. bxc5 Ra3 20. Qb2
Rfa8 21. Kg2 g6 22. Ra1 Qa5 23. Rxa3 Qxa3 24. Qxa3 Rxa3 25. Ne2 Kf8 $11 {
1/2 Dearing,E (2412)-Berry,N (2346)/Daventry ENG 2011/The Week in Chess 855 
(48)}) 16. b5 (16. Rab1 axb4 17. axb4 Bf6 18. Rfc1 Ra3 19. Qe1 bxc5 20. bxc5
Qa5 21. Ne5 Nxe5 22. fxe5 Bg5 23. Rc2 Bd8 $11 {1/2 Radjabov,T (2744)-Kramnik,V
(2785)/Kazan 2011/CBM 143/[Marin] (39)}) 16... cxb5 17. Nxd5 $146 {[%mdl 8]} (
17. c6 Qxc6 18. Nxb5 Qb7 19. Rfc1 Rc8 20. Rxc8+ Qxc8 21. Qb2 Ra8 22. Rc1 Qd8
23. Qc2 a4 24. Qc6 Nf8 25. Ne5 f6 26. Nd3 Ra5 27. Rb1 Ra8 28. Rc1 Ra5 29. Rb1
Ra8 30. Rc1 {1/2 Paikidze,N (2416)-Bulmaga,I (2293)/Chennai 2011/CBM 143 Extra}
) 17... exd5 18. Qxe7 Rc8 19. Rfb1 (19. c6 Nf6 $1 (19... Qxc6 $2 20. Rac1 $18)
20. Qxc7 Rxc7 21. Rfc1 Ne4 $11 {[%cal Ye4d6,Yd6c4]}) 19... bxc5 20. Rxb5 $14 {
[%mdl 32] It looks like Black should not have any problems due to his "better"
pawn structure; however, it is not better as his pawns are weak! White retains
unpleasant pressure.} Re6 21. Qg5 Rb6 22. a4 $1 Rxb5 23. axb5 Nf6 24. Qf5 Ra8
25. Qb1 Qb6 (25... c4 {[%csl Gc4] may be the right option.}) 26. dxc5 Qxc5 27.
Qb2 Qb6 28. Nd4 Rc8 {It was better to keep the rook on a8, behind the a-pawn.}
(28... h5 $5) 29. Ra2 $1 Rc4 (29... Ra8 $142 {"taking the wrong move back"})
30. Nc6 a4 31. Ne5 Re4 32. Kg2 Qc5 (32... h5 33. f3 $1 Re1 34. Qf2 Qxf2+ 35.
Kxf2 Rb1 36. Rxa4 Rxb5 37. Ra8+ Kh7 38. Nxf7 $16) 33. Qb1 Rb4 $6 {Surprisingly,
a losing move but, even more surprisingly, Black had no good defence anyway, e.
g.} (33... h6 34. Rc2 Rb4 35. Qc1 Qxb5 36. Rc8+ Kh7 37. Qc2+ Re4 38. Nxf7 Ne8
$8 39. Ne5 Nf6 40. Rc7 $18 {[%csl Rh7]}) 34. Qf5 {[%cal Ra2c2]} Qe7 (34... Rxb5
35. Rc2 Qe7 36. Rc8+ Ne8 37. Nc6 Qe1 38. Ne5 $18) (34... Rb3 35. Rc2 Rc3 36.
Rxc3 Qxc3 37. b6 $18) 35. Nc6 Qe4+ 36. Qxe4 Rxe4 37. b6 Nd7 38. b7 f6 39. b8=Q+
Nxb8 40. Nxb8 Rb4 41. Nd7 Rb5 42. Rxa4 Kf7 43. Ra6 1-0

[Event "EU-ch 13th"]
[Site "Plovdiv"]
[Date "2012.03.30"]
[Round "10"]
[White "L'Ami, Erwin"]
[Black "Kryvoruchko, Yuriy"]
[Result "0-1"]
[WhiteElo "2611"]
[BlackElo "2666"]
[Annotator "Krasenkow,M"]
[PlyCount "62"]
[EventDate "2012.03.20"]
[EventType "swiss"]
[EventRounds "11"]
[EventCountry "BUL"]
[SourceTitle "CBM 148"]
[Source "ChessBase"]
[SourceDate "2012.05.16"]
[SourceVersion "1"]
[SourceVersionDate "2012.05.16"]
[SourceQuality "1"]

1. d4 Nf6 2. Nf3 e6 3. c4 d5 4. Nc3 Nbd7 5. Bf4 dxc4 6. e3 Nb6 7. Bxc4 Nxc4 8.
Qa4+ Bd7 9. Qxc4 Bd6 {This line, in which White gives up his light-squared
bishop for a knight, should not be dangerous for Black.} 10. Bg5 (10. O-O {
was analysed by GM Rustem Dautov in several CBM issues in 2001-2003. Black
apparently has no problems after} Bc6 (10... Bxf4 11. exf4 O-O 12. Ne5 Be8 13.
Rac1 c6 14. Rfe1 Nd5 15. g3 f6 16. Nf3 Bf7 17. Ne4 a5 18. Nc5 Qc8 $11 {0-1
Feletar,D (2402)-Blagojevic,D (2527)/Zadar 2004/CBM 103 ext (36)}) 11. Ne5 Bxe5
12. Bxe5 O-O 13. Rac1 a6 14. Rfd1 Nd5 $5 15. Nxd5 exd5 16. Qe2 f6 17. Bg3 Re8
18. Rc3 Re7 19. Rdc1 Qe8 $11 {1/2 Schandorff,L (2563)-Koneru,H (2496)/Esbjerg
2003/CBM 096/[Dautov] (58)}) ({The other moves are absolutely harmless:} 10.
Bxd6 cxd6 11. d5 e5 12. Qb4 Qb6 13. Qxb6 axb6 14. Ke2 Ke7 15. Nd2 Rhc8 16. Rhc1
Rc5 17. e4 g6 18. f3 Nh5 19. Ke3 f5 {1/2 Nikolic,P (2635)-Andersson,U (2605)/
Debrecen 1992/EU-chT}) (10. Bg3 Bc6 11. O-O Bxf3 12. gxf3 O-O 13. Nb5 Qd7 14.
Rfc1 Rfc8 $11 {1/2 Gurevich,M (2625)-Andersson,U (2605)/Madrid 1988/EXT 1997 
(80)}) 10... h6 (10... O-O $6 11. Ne5) (10... Be7 11. O-O O-O 12. Rfd1 (12. Ne5
$14) 12... Rc8 13. e4 h6 14. Bh4 Nh5 15. Bxe7 Qxe7 16. b4 Rfd8 17. Qc5 {
1/2 Agrest,E (2465)-Balashov,Y (2520)/Pinsk 1993/CBM 038}) 11. Bh4 (11. Bxf6
Qxf6 12. e4 Qd8 13. O-O O-O 14. Rad1 c6 15. e5 Be7 16. Ne4 b6 17. Qc3 Qc7 18.
Nfd2 Bc8 19. Rfe1 Ba6 20. Re3 Rad8 21. Rg3 Kh8 22. Re1 Qd7 23. Nb3 Qd5 24. Qe3
{1-0 Ruban,V (2560)-Kiriakov,P (2475)/Elista 1994/CBM 044 (39)} f6 $13) 11...
g5 {The most energetic, although risky response. Other moves don't guarantee
Black equal chances.} (11... Be7 {is very passive:} 12. O-O O-O 13. Rfd1 (13.
Rac1 Rc8 14. Rfd1 c6 15. e4 b6 16. e5 Nd5 17. Bxe7 Qxe7 18. Ne4 Rc7 19. a3 a5
20. Qe2 Rb8 21. Nfd2 $14 {1/2 Korotylev,A (2415)-Balashov,Y (2510)/St
Petersburg 1994/CBM 041 (36)}) (13. Ne5 c6 14. Bxf6 Bxf6 15. Ne4 Be8 16. Nxf6+
Qxf6 17. Qb4 Rb8 18. Qa5 a6 19. Rac1 $14 {1/2 Nikcevic,N (2401)-Blagojevic,D 
(2519)/Herceg Novi 2008/CBM 126 Extra (77)}) 13... a6 14. Ne5 (14. Qb3 Rb8 15.
Rac1 Nh5 16. Bxe7 Qxe7 17. Ne5 Nf6 18. Ne2 Rfc8 19. Nf4 Qe8 20. Qa3 $14 {
1-0 Ibragimov,I (2590)-Kiriakov,P (2495)/Maikop 1998/CBM 066 (41)}) 14... Rc8
15. Rac1 Qe8 (15... Ne8 $142 $14) 16. Qb3 Rb8 17. d5 $1 Bd6 18. Bxf6 gxf6 19.
Nxd7 Qxd7 20. Ne4 $16 {1/2 Iskusnyh,S (2478)-Kiriakov,P (2545)/Novokuznetsk
2008/CBM 123 Extra (81)}) (11... a6 12. Qe2 (12. Ne5 $14) 12... c5 $6 13. dxc5
Bxc5 14. O-O Qb8 15. Rfd1 Bc6 {1/2 Bogdanovski,V (2435)-Jovicic,M (2385)/Tivat
1995/EXT 2002 (25)} 16. Bxf6 gxf6 17. Nd4 $16) (11... Rc8 12. O-O O-O 13. Ne5
Be7 14. Rfd1 c6 15. Rac1 $14 {1-0 Malek,D (2193)-Brecht,A (2269)/Germany 2002/
EXT 2004 (39)}) (11... Bc6 12. Ne5 $1 Bxe5 13. dxe5 g5 14. exf6 gxh4 15. Qxh4 (
15. Nb5 Rb8 16. Qc5 Bxb5 17. Qxb5+ c6 18. Qe5 Rc8 19. Rd1 Qc7 20. Qc5 Rg8 21.
O-O Rg6 22. Qxa7 h3 23. g3 c5 24. Qa4+ Qc6 25. Qxc6+ Rxc6 26. f4 Rxf6 27. Kf2
e5 $14 {1-0 Roiz,M (2658)-Blagojevic,D (2546)/Novi Sad 2009/CBM 133 (73)})
15... Qd6 (15... Qd3 16. Rd1 Qg6 17. Rg1 $16) 16. Rd1 Qe5 17. e4 Qg5 18. Qxg5
hxg5 19. O-O $16 {1-0 Mamedyarov,S (2699)-Miroshnichenko,E (2608)/Baku 2006/
CBM 112 ext (41)}) 12. Bg3 Bc6 13. O-O (13. Ne5 Bxg2 14. Rg1 Bd5 15. Nxd5 exd5
16. Qb5+ Kf8 17. O-O-O Qc8 18. h4 c6 (18... a6 $5 19. Qd3 Qe6) 19. Qe2 Qe6 20.
hxg5 hxg5 21. Nf3 Bxg3 22. Rxg3 g4 23. Ne5 c5 $132 {1/2 Wang Lei (2498)
-Ioseliani,N (2499)/Shanghai 2001/CBM 082 ext (47)}) 13... Bxf3 14. gxf3 O-O (
14... c6 $5 15. e4 Bf4) 15. Rac1 Qe7 (15... c6 $142 16. Ne4 (16. e4 Nh5) 16...
Be7 17. Nc5 Bxc5 18. Qxc5 (18. dxc5 Qd5 $11) 18... Qb6 19. Qe5 Nd7 20. Qd6 Nf6
$11 {[%cal Yf8d8]}) 16. Ne4 (16. e4 $1 Bxg3 (16... e5 17. Nb5) 17. fxg3 $36 {
[%cal Yf3f4]}) 16... Nd5 $1 17. Nc5 (17. Nxd6 cxd6 18. e4 Nf4 19. Bxf4 gxf4 20.
Kh1 Qh4 $132) 17... Bxc5 18. Qxc5 Qf6 19. Kg2 c6 $11 {[%csl Gd5]} 20. Qc2 Rad8
21. Rh1 Nf4+ $6 {A bit premature.} (21... Qf5 $5 22. Qb3 Rd7) 22. exf4 gxf4 23.
Qc5 $6 {Unnecessarily giving up the d4-pawn.} (23. Qb3 $1 Rd7 24. Rc4 {[%cal
Rd4d5]} fxg3 25. hxg3 $36 {[%csl Rg8]}) 23... fxg3 24. hxg3 Qxd4 $6 {Losing
time as this queen will be pushed away.} (24... Rxd4 $142 $13) 25. Qa3 $1 {
[%cal Rh1h4]} Qf6 26. Rc4 Rd5 27. Qxa7 b5 28. Rxc6 $6 (28. Rch4 $40 Kg7 29.
Rxh6 Qxh6 30. Rxh6 Kxh6 31. Qb7 {gave White some winning chances. After the
text move Black obtains strong counterplay.}) 28... Rd3 29. f4 Qf5 30. Qc5 $4 {
[%mdl 8192] A terrible blunder.} (30. Rhc1 Qd5+ (30... Rfd8 31. Rc8 Qd5+ 32.
Kh2 $11) 31. Kg1 (31. Kh2 $144) {, and Black has hardly anything better than a
draw after} 31... Rd1+ 32. Rxd1 Qxd1+ 33. Kh2 Qh5+ 34. Kg1) 30... Qe4+ 31. Kh2
Rd5 0-1

[Event "Sinquefield Cup 4th"]
[Site "Saint Louis"]
[Date "2016.08.13"]
[Round "8"]
[White "Aronian, Levon"]
[Black "Nakamura, Hikaru"]
[Result "1-0"]
[WhiteElo "2792"]
[BlackElo "2791"]
[Annotator "Krasenkow,M"]
[PlyCount "173"]
[EventDate "2016.08.05"]
[EventType "tourn"]
[EventRounds "9"]
[EventCountry "USA"]
[EventCategory "22"]
[SourceTitle "CBM 174"]
[Source "ChessBase"]
[SourceDate "2016.09.13"]
[SourceVersion "1"]
[SourceVersionDate "2016.09.13"]
[SourceQuality "1"]

1. d4 Nf6 2. c4 e6 3. Nf3 d5 4. Nc3 Be7 5. Bf4 O-O 6. e3 c5 7. dxc5 Bxc5 8. Bd3
{A seemingly harmless continuation leading to simplifications. However, White
keeps a small development advantage, and Black should be very careful.} dxc4 (
8... Nc6 9. O-O a6 10. Rc1 Ba7 11. Bg5 (11. a3 $5) 11... dxc4 12. Bxc4 b5 13.
Bd3 Bb7 14. Qe2 h6 15. Bh4 $14 {1/2 (26) Karlsson,L (2505)-Rantanen,Y (2420)
Stockholm 1983}) 9. Bxc4 {This position often arises when White plays 8.Be2.}
a6 10. Bd3 {Other options:} (10. Qe2) (10. O-O) 10... Nc6 (10... b5 {is a bit
premature due to} 11. a4 (11. O-O Bb7 12. Qe2 b4 13. Na4 Be7 14. Rac1 Nd5 15.
Bg3 Qa5 16. b3 Nd7 17. Rc4 Rfc8 18. Rfc1 $14 {0-1 (32) Wedberg,T (2475)-Van
der Wiel,J (2550) Stockholm 1987}) 11... bxa4 (11... Bb7 12. axb5 axb5 13. Rxa8
Bxa8 14. Bxb5 Nd5 15. Nxd5 Bxd5 16. O-O Qb6 17. Qe2 $16 {1-0 (32) Tregubov,P 
(2556)-Kujovic,M (2344) Reykjavik 2006}) (11... b4 12. Ne4 Nbd7 13. Rc1 $36)
12. O-O $1 (12. Rxa4 Nbd7 13. O-O Bb7 14. Qe2 a5 15. Rd1 h6 16. Ne5 Qe7 17.
Nxd7 Nxd7 18. Bc2 Nf6 19. Be5 Bb4 $11 {1/2 (30) De Firmian,N (2520)-Hansen,C 
(2510) Reykjavik 1986}) 12... Bb7 13. Nxa4 Bb4 14. Rc1 Nc6 15. Nc5 Bxc5 16.
Rxc5 Qb6 17. Rc3 Rac8 18. Rb3 Qa7 19. Qe2 a5 20. Ra1 $14 {1-0 (41) Efimov,I 
(2460)-Lanzani,M (2330) Formia 1995}) (10... Nbd7 {is probably more solid than
the text move:} 11. O-O (11. Qc2 b5 12. Rd1 Qe7 13. Ne5 Nxe5 14. Bxe5 h6 15.
O-O Bb7 16. a4 bxa4 17. Nxa4 {1-0 (18) Janosi,E (2138)-Zielinski,S (2147)
Lechenicher SchachServer 2012} Rfc8 $11) 11... b5 (11... Qe7 12. Rc1 b6 13. Ne4
e5 14. Nxf6+ Qxf6 15. Bg5 Qe6 16. Qc2 $16 {1-0 (33) Roiz,M (2600)-Babula,V 
(2554) Skopje 2015}) 12. a4 (12. Ne4 Bb7 13. Nxc5 Nxc5 14. Be2 Nd5 15. Be5 f6
16. Bd4 Na4 17. b3 Nac3 $132 {1/2 (32) Tregubov,P (2620)-Rustemov,A (2534) New
Delhi/Teheran 2000}) (12. Ne5 Bb7 13. Be4 Bxe4 14. Nxd7 Nxd7 15. Nxe4 Be7 16.
Qf3 Rc8 $11 {1/2 (33) Khan,V (2131)-Sacerdotali,S (2100) Lechenicher
SchachServer 2013}) (12. e4 Nh5 13. Bg5 Be7 14. Bxe7 Qxe7 15. e5 Nc5 16. Ne4
Nxd3 17. Qxd3 Nf4 18. Qd6 Qa7 $11 {1/2 (25) Sargissian,G (2679)-Hess,R (2635)
Wheeling 2012}) 12... b4 13. Ne4 Bb7 $1 14. Nxf6+ Nxf6 15. Qe2 Qe7 16. Rac1
Rfd8 17. Rfd1 Bd6 18. Ne5 g6 $11 {1/2 (28) Keevil,P (2136)-Koehler,J (2132)
Lechenicher SchachServer 2012}) 11. O-O (11. a3 h6 12. Qc2 Qe7 13. Rd1 Rd8 14.
Na4 Ba7 15. O-O Nd5 16. Bg3 Bd7 17. Nc3 Nxc3 18. Qxc3 Rac8 19. Bd6 Qf6 $11 {
1/2 (22) Gildred,T (2300)-Kovacs,A (2443) Lechenicher SchachServer 2010}) 11...
Nb4 (11... Qe7 12. Bg5 $5) 12. Bb1 (12. Be2 $5 {may be good, too:} Qe7 (12...
Qxd1 13. Rfxd1 Nbd5 14. Nxd5 Nxd5 15. Be5 b6 16. Nd2 $14) (12... Nbd5 $5) 13.
Bg5 Rd8 14. Qb3 e5 $6 15. Qc4 Bf5 16. Bxf6 gxf6 17. Nh4 Bg6 18. a3 Nc6 19. Rfd1
$16 {1-0 (42) Bichik,A (2035)-Van Rooijen,P (1708) Lechenicher SchachServer
2012}) 12... Qxd1 (12... b5 $5 13. Ne4 (13. a4 $5) (13. Qe2 $5 {[%cal Ye3e4]})
13... Be7 14. Nxf6+ Bxf6 15. Bd6 Be7 16. Be4 Ra7 17. Bxb4 Qxd1 18. Rfxd1 Bxb4
19. Rac1 Rd7 20. Rxd7 Bxd7 21. Kf1 Rd8 22. Bb7 a5 23. Ne5 Be8 $11 {1/2 (28)
Buzas,G (2196)-Girardot,P (2251) Lechenicher SchachServer 2010}) 13. Rxd1 Nbd5
14. Nxd5 Nxd5 15. Be4 $5 Nf6 $2 {This obvious move turns out to be a serious
mistake.} (15... Nxf4 16. exf4 Ra7 {[%cal Yb7b6,Ya6a5] should be enough for
equality.}) 16. Nd2 $1 {[%mdl 32] Now it is difficult for Black to complete
his development.} Re8 (16... Nxe4 17. Nxe4 $16 {[%cal Ya1c1]}) 17. Bf3 e5 18.
Bg3 (18. Bg5 $5) 18... Ra7 (18... Bg4 {loses a pawn after} 19. Bxb7 Rab8 20.
Bf3 Rxb2 21. Nc4 Bxf3 22. gxf3 Rc2 23. Nxe5) 19. Rac1 b6 20. a3 (20. Nb3 $5)
20... Bd7 (20... a5 21. Nb3 $1 e4 22. Be2 Bf8 23. Rc6 $16) 21. Nc4 e4 22. Be2
a5 23. Nd6 Re7 24. Nb5 Bxb5 25. Bxb5 $16 {White's strong bishop pair
guarantees him a clear advantage.} Ra8 26. Kf1 Re6 27. Ke2 g5 28. Bc4 Ree8 29.
h4 {It turned out later that the opening of the h-file was not helpful for
White.} (29. Bd6 $142 $1 Kg7 30. Bxc5 bxc5 31. Bb5 $16) 29... h6 30. hxg5 hxg5
31. Bd6 Kg7 32. Bb5 (32. Bxc5 bxc5 33. Bb5 Re5 34. Rd6 Ng4 $5 $132) 32... Bxd6
33. Rxd6 Re5 34. Rxb6 {White has won a pawn but still faces some technical
difficulties.} Rh8 $1 35. Rb7 Rf5 36. Rf1 Rh2 (36... Rc5 $1 37. Ba4 Rh2 {
is more stubborn although White keeps good winning chances after} 38. Rg1 $16 (
{but not} 38. Bb3 Rxg2 39. Bxf7 Rc2+)) 37. Bc4 Ne8 (37... Rxg2 38. Bxf7 $1 Rc5
39. Bc4+ Kh6 40. Rh1+ $1 Kg6 41. Rc1 $18 {[%cal Ye2f1]}) 38. Rb5 Rxb5 39. Bxb5
{[%mdl 4096]} Nd6 40. Bd7 Kf6 41. Rc1 Rh8 42. b3 Ke7 43. Rc7 Rh1 44. Ra7 Ra1
45. g4 {Creating a safeheaven for the king on g2.} Rxa3 46. Ba4+ Kf8 47. Rxa5
Ra2+ 48. Kf1 f6 49. Ra8+ Ke7 50. Bc6 Rb2 51. Ra7+ Ke6 52. Bd7+ Ke7 53. Bf5+ Ke8
54. Be6 Rb1+ 55. Kg2 Rb2 56. Bd5 Rb1 (56... Rc2 $142 {preventing Bd5-c6+. In
that case White can play} 57. Ra4 {[%cal Ya4d4,Yb3b4]}) 57. Bc6+ Kf8 58. Rd7
Nf7 59. Bxe4 {White's task becomes easier with two extra pawns.} Rb2 (59...
Rxb3 $2 60. Rxf7+) 60. Rb7 (60. Kg3 $142 $22 Ne5 61. Rb7) 60... Nd6 61. Rb8+
Kg7 (61... Ke7 $142) 62. Bd5 {[%csl Rg7]} Rd2 63. e4 f5 {Desperation.} 64. gxf5
Nxf5 65. Rb7+ Kh6 66. Rb6+ Kh7 67. Rb7+ Kh6 68. exf5 Rxd5 69. f6 Rd4 70. Kg3
Kg6 71. f7 Kg7 72. b4 Kf8 73. b5 Rb4 74. b6 Kg7 75. f3 Kf8 76. Kf2 Rb3 77. Ke2
Kg7 78. Kd2 Kf8 (78... Rxf3 79. Rc7 $18 {[%cal Yb6b7,Yf7f8]}) 79. Kc2 Rb5 80.
Kc3 Kg7 81. Kc4 Rb1 82. Kc5 Rc1+ 83. Kd6 Rb1 84. Ke7 Re1+ 85. Kd8 Re6 86. Kc7
Re3 87. Ra7 1-0